| 000 | 00768 a2200229 4500 | ||
|---|---|---|---|
| 020 | _a1402075324 | ||
| 020 | _a9781402075322 | ||
| 082 | _a004.3 | ||
| 090 |
_c1687 _d1687 |
||
| 100 | _aGianni Di Pillo | ||
| 245 | 1 | 0 |
_aApplied Optimization:High performance algorithms and software for nonlinear optimization / _cGianni Pillo, Almerico Murli. |
| 250 | _a2003th ed. | ||
| 260 |
_a[S.l.] : _bSpringer, _c2003. |
||
| 300 |
_a416 p. ; _c25 cm. |
||
| 490 | 1 | _aApplied optimization. | |
| 700 | 1 | _aPillo, Gianni. | |
| 700 | 1 | _aMurli, Almerico. | |
| 830 | 0 | _aApplied optimization. | |
| 856 | 4 | 0 | _3Amazon.com |
| 942 |
_aSNS _cBK _k004.3 DIL |
||
| 999 |
_c30295 _d30295 |
||